चॉदी की चूडियाँ (Record no. 59547)
[ view plain ]
| 000 -LEADER | |
|---|---|
| fixed length control field | 00482nam a22001457a 4500 |
| 003 - CONTROL NUMBER IDENTIFIER | |
| control field | MACL |
| 005 - DATE AND TIME OF LATEST TRANSACTION | |
| control field | 20190426163920.0 |
| 008 - FIXED-LENGTH DATA ELEMENTS--GENERAL INFORMATION | |
| fixed length control field | 190426b xxu||||| |||| 00| 0 eng d |
| 040 ## - CATALOGING SOURCE | |
| Transcribing agency | MACL |
| 100 ## - MAIN ENTRY--PERSONAL NAME | |
| Personal name | करशर्मा,श्री श्रीवत्स |
| 9 (RLIN) | 74562 |
| 245 ## - TITLE STATEMENT | |
| Title | चॉदी की चूडियाँ |
| 260 ## - PUBLICATION, DISTRIBUTION, ETC. (IMPRINT) | |
| Place of publication, distribution, etc. | कटक |
| Name of publisher, distributor, etc. | प्लानेट वी प्रकाशन |
| Date of publication, distribution, etc. | 2015 |
| 650 ## - SUBJECT ADDED ENTRY--TOPICAL TERM | |
| Topical term or geographic name as entry element | उपन्यास |
| 9 (RLIN) | 74563 |
| 942 ## - ADDED ENTRY ELEMENTS (KOHA) | |
| Source of classification or shelving scheme | |
| Koha item type | Hindi Books |
| Withdrawn status | Lost status | Source of classification or shelving scheme | Damaged status | Not for loan | Home library | Current library | Date acquired | Cost, normal purchase price | Barcode | Date last seen | Copy number | Price effective from | Koha item type |
|---|---|---|---|---|---|---|---|---|---|---|---|---|---|
| MACL | MACL | 26/04/2019 | 115.00 | 891.433/KAR/N | 26/04/2019 | CRH034816 | 26/04/2019 | Hindi Books |









